Design of liquid-retaining concrete structures (Record no. 63447)

MARC details
000 -LEADER
fixed length control field 00700nam a2200157 a 4500
008 - FIXED-LENGTH DATA ELEMENTS--GENERAL INFORMATION
fixed length control field 120416s0000 ||||||||||||||||| || u
020 ## - INTERNATIONAL STANDARD BOOK NUMBER
International Standard Book Number 0903384248
050 ## - LIBRARY OF CONGRESS CALL NUMBER
Classification number TA 660.T34 Anc
100 ## - MAIN ENTRY--PERSONAL NAME
Personal name Anchor, Robert D
245 10 - TITLE STATEMENT
Title Design of liquid-retaining concrete structures
260 ## - PUBLICATION, DISTRIBUTION, ETC.
Place of publication, distribution, etc. London
Name of publisher, distributor, etc. Surrey University Press
Date of publication, distribution, etc. 1981
300 ## - PHYSICAL DESCRIPTION
Extent xv, 153p. : ill.
350 ## -
-- 0.00
995 ## -
-- ANNEX COLLECTION (Main Library)
-- 0.00
-- 721255
-- CBU-MAIN LIBRARY (Kitwe)
-- 1
-- 25.00
-- TA 660.T34 Anc
-- 1
-- AVAILABLE
-- 018877
-- Annex Low-Usage Collection
995 ## -
-- ANNEX COLLECTION (Main Library)
-- 0.00
-- 721256
-- CBU-MAIN LIBRARY (Kitwe)
-- 2
-- 25.00
-- TA 660.T34 Anc
-- 2
-- AVAILABLE
-- 018878
-- Annex Low-Usage Collection
999 ## -
-- 63447
-- 63447
Holdings
Withdrawn status Lost status Source of classification or shelving scheme Damaged status Not for loan Permanent Location Current Location Shelving location Date acquired Total Checkouts Full call number Barcode Date last seen Price effective from Koha item type
          CBU-MAIN LIBRARY, KITWE. CBU-MAIN LIBRARY, KITWE.   12/24/2022   TA 660.T34 Anc 018877 12/24/2022 12/24/2022 MONOGRAPH
          CBU-MAIN LIBRARY, KITWE. CBU-MAIN LIBRARY, KITWE.   12/24/2022   TA 660.T34 Anc 018878 12/24/2022 12/24/2022 MONOGRAPH